Essai d'une théorie générale des droits sur la personne
Gardado en:
| Autor Principal: | |
|---|---|
| Formato: | Libro |
| Idioma: | francés |
| Publicado: |
París
Librairie Générale de Droit et de Jurisprudence
1960
|
| Series: | Bibliothèque de Droit Privé, 21
|
| Subjects: | |
| Tags: |
Engadir etiqueta
Sen Etiquetas, Sexa o primeiro en etiquetar este rexistro!
|
MARC
| LEADER | 00000nam a2200000 a 4500 | ||
|---|---|---|---|
| 001 | UCS1107 | ||
| 003 | CL-VaPUC | ||
| 008 | 970509e19600000FR |||||||||||||||||fre|d | ||
| 082 | 0 | 4 | |a 346.01 |b DEC |2 21 |
| 100 | 0 | |a Decocq, André |e author |9 385212 | |
| 245 | 1 | 0 | |a Essai d'une théorie générale des droits sur la personne |
| 300 | |a 459 p | ||
| 942 | |c BK | ||
| 945 | |d 19970509 00:00:00 |a cmena | ||
| 260 | |a París |b Librairie Générale de Droit et de Jurisprudence |c 1960 | ||
| 650 | 7 | |a PERSONA |2 CL-VaPUC |9 327934 | |
| 650 | 7 | |a DERECHO INTERNACIONAL PUBLICO |2 CL-VaPUC |9 385213 | |
| 650 | 7 | |a DERECHO |2 CL-VaPUC |9 385214 | |
| 650 | 0 | |a Filosofía del derecho |9 255050 | |
| 650 | 0 | |a Derecho privado |9 258243 | |
| 651 | 0 | |a Francia |9 255157 | |
| 583 | |a last modification |c 19970509 00:00:00 |k Rodrigo Vera | ||
| 490 | 0 | |a Bibliothèque de Droit Privé, 21 | |
| 999 | |c 259212 |d 259210 | ||
| 952 | |0 0 |1 0 |4 0 |6 346_010000000000000_DEC_1960 |7 0 |8 P |9 283838 |a BIBDER |b BIBDER |d 2019-11-19 |i 1844091 |o 346.01 DEC 1960 |p 1844091 |r 2023-01-25 |w 2019-11-19 |y BK |k DER | ||